Những ông chủ thực sự của thế giới

Na minha lista:
Detalhes bibliográficos
Autor principal: Gonzalez-Mata, Luis M
Formato: Livro
Idioma:Vietnamese
Publicado em: Công an nhân dân 2000
Tags: Adicionar Tag
Sem tags, seja o primeiro a adicionar uma tag!
Thư viện lưu trữ: Mạng thư viện Đại học Đà Nẵng
LEADER 00676nam a2200253 4500
001 000021143
003 17590
005 20150407100450.0
008 150407s2000 viesd
020 |c 50000 
041 0 |a vie 
082 1 4 |a 320.04  |b GO-L 
100 1 |a Gonzalez-Mata, Luis M 
245 1 0 |a Những ông chủ thực sự của thế giới  |c Luis M. Gonzalez-Mata ; Thiên Bảo dịch. 
260 |b Công an nhân dân  |c 2000 
300 |a tr.  |c cm. 
OWN |a LSP 
999 |a From the UDN01 
TYP |a Monograph 
TYP |a Printed language 
980 |a Mạng thư viện Đại học Đà Nẵng